000 01379nam0a22002771 4500
001 rc\704738
005 20260407143157.0
035 _a(NLR Aleph) 005940284
090 _a6671681
_c6671681
100 _a20031121d1985 |||y0rusy50 ca
101 0 _arus
102 _aRU
105 _aa |||||||||
200 1 _aШирокоапертурная поляризованная протонная мишень с произвольной ориентацией вектора поляризации
_f[А.А. Беляев, В.А. Гетьман, А.Я. Деркач и др.]
210 _aМ.
_cЦНИИатоминформ
_d1985
215 _a[1], 18 с.
_cил.
_d20
225 1 _aПрепринт
_fГос. ком. по использ. атом. энергии СССР, ЦНИИ информ. и техн.-экон. исслед. по атом. науке и технике
_vХФТИ 85-9
300 _aРез. на англ. яз.
320 _aБиблиогр.: с. 17-18
701 1 _aБеляев
_bА.А.
_gАндрей Анатольевич
712 0 2 _aЦНИИ информации и технико-экономических исследований по атомной науке и технике
_cМосква
_3RU\NLR\AUTH\8810014859
_9527602
801 0 _aRU
_bNLR
_gpsbo
801 1 _aRU
_bELAR
_2rusmarc
852 _aNLR
_j85-4/31006
942 _cBOOK
980 _aNB